| 000 | 00590cam a22002291 4500 | ||
|---|---|---|---|
| 001 | sa 67001097 | ||
| 003 | DLC | ||
| 005 | 20260227112319.0 | ||
| 008 | 900116s1966 ii 000 0 gujo | ||
| 010 | _asa 67001097 | ||
| 035 | _a(OCoLC)20908437 | ||
| 040 |
_aDLC _cWaU _dDLC |
||
| 042 | _apremarc | ||
| 043 | _aa-ii--- | ||
| 050 | 0 | 0 |
_aPK1850 _b.M32 |
| 100 | 1 |
_aMadia, Chunilal Kalidas, _d1922-1968. |
|
| 245 | 1 | 0 | _aŚāhamr̥ga-suvarṇamr̥g̣a. |
| 260 | _c[1966] | ||
| 300 |
_a208 p. _c19 cm. |
||
| 500 | _aIn Gujarati. | ||
| 650 | 0 |
_aGujarati literature _xHistory and criticism. |
|
| 999 |
_c72377 _d72377 |
||